000 01104nam a2200337 i 4500
001 000004505
003 DO-SdBNP
005 20260225085548.0
007 ta
008 090723s2003 dr r 000 0 spa d
040 _aDO-SdBNP
_bspa
_cBNPHU
_erda
041 _aspa
082 4 _a370.114
_bP421e 2003
_222
100 1 _aPepén, Juan F.,
_eautor
_q (Juan Felix)
_4aut.
_913174
245 1 0 _aEducación de la conducta humana :
_bprincipios de moral individual y social /
_cJuan F. Pepén.
250 _adecima segunda edición
264 1 _aSanto Domingo :
_bEdiciones MSC,
_c2003.
300 _a201 páginas ;
_c22 cm.
336 _atexto
_btxt
_2rdacontent
337 _asin mediación
_bn
_2rdamedia
338 _avolumen
_bnc
_2rdacarrier
590 _aInventariado, 2018/BT
650 7 _aEducación moral
_2LEMB
_91607
650 4 _aEducación cívica
_91206
650 7 _aÉtica
_2LIBRUNAM
_9509
650 7 _aConducta de vida
_2LIBRUNAM
_911947
650 4 _aRelaciones humanas
_9606
650 4 _aValores (Filosofía)
_9604
910 _aValidado. Control de calidad. EMS
942 _2ddc
_cLBS1
999 _c4314
_d4314